000 00453nam a2200157Ia 4500
008 210716s2003 xx 000 0 und d
020 _a8178088479
041 _aeng
082 _a660.6 BOUD
100 _aBourgaize, David;Jewell, Thomas R;Buiser, Rodolfo G.
245 _aBiotechnology: demystifying the concepts.
_bDemystifying the concepts.
250 _a1
260 _aNew Delhi
_bPearson Education
_c2003
300 _axvi,416
650 _aNone
999 _c185807
_d185807